A-val kezdődő országok zászlói - Statistics

General Stats
  • This quiz has been taken 51 times
  • The average score is 7 of 10
Answer Stats
Picture Answer % Correct
Argentína
98%
Algéria
83%
Ausztrália
80%
Albánia
78%
Ausztria
78%
Azerbajdzsán
68%
Andorra
60%
Angola
53%
Afganisztán
48%
Antigua és Barbuda
43%
No matching quizzes found
Score Distribution
Percent of People with Each Score
Percentile by Number Answered
Your Score History
You have not taken this quiz